000 00736nam a22002537a 4500
003 CHAP
005 20220329135818.0
008 971013s1992 r 00010 d
010 _a42649
011 _a43621
035 _a47757
040 _cCHAP
082 _a631.372
_bW54
100 0 0 _aWilliams, Michael.
_9122081
245 _aTractors
_b: how they work and what they do
260 _aIpswich, England :
_bFarming Press,
_c1992
300 _a88 p.
_b: ilus.
590 _aBATCH-UPD
_b10
_c20130110
_lUCH01
_h1846
590 _aCONVERSION
_b10
_c20130109
_lUCH01
_h1323
650 1 4 _aTractores.
_9114574
901 _aBK
942 _cLIBRO
949 _a631.372 W54
_bBC
_cLIBRO
_d33724000000691
_eLIBRO
_gI.c/e
_h89054
_i47757
_si
_t57.34
999 _c42649
_d42649